The large, the small and the human mind (Record no. 12120)

MARC details
000 -LEADER
fixed length control field 00702nam a2200229Ia 4500
003 - CONTROL NUMBER IDENTIFIER
control field IN-BaIIA
008 - FIXED-LENGTH DATA ELEMENTS--GENERAL INFORMATION
fixed length control field 211028s9999 xx 000 0 eng d
020 ## - INTERNATIONAL STANDARD BOOK NUMBER
International Standard Book Number 0-521-56330-5
040 ## - CATALOGING SOURCE
Transcribing agency IIA Library
080 ## - UNIVERSAL DECIMAL CLASSIFICATION NUMBER
Universal Decimal Classification number 524.834
Item number PEN
100 ## - MAIN ENTRY--PERSONAL NAME
Personal name Penrose, R.
9 (RLIN) 10419
245 #4 - TITLE STATEMENT
Title The large, the small and the human mind
Statement of responsibility, etc. R. Penrose…[et. al.]
260 ## - PUBLICATION, DISTRIBUTION, ETC.
Place of publication, distribution, etc. Cambridge
Name of publisher, distributor, etc. Cambridge University Press
Date of publication, distribution, etc. 1997
300 ## - PHYSICAL DESCRIPTION
Extent xviii, 185p.
650 ## - SUBJECT ADDED ENTRY--TOPICAL TERM
Topical term or geographic name entry element Cosmology
650 ## - SUBJECT ADDED ENTRY--TOPICAL TERM
Topical term or geographic name entry element Physical universe
9 (RLIN) 21131
650 ## - SUBJECT ADDED ENTRY--TOPICAL TERM
Topical term or geographic name entry element Quantum physics
9 (RLIN) 2816
700 ## - ADDED ENTRY--PERSONAL NAME
Personal name Cartwright, N.
9 (RLIN) 21132
700 ## - ADDED ENTRY--PERSONAL NAME
Personal name Hawking, S.
9 (RLIN) 20714
700 ## - ADDED ENTRY--PERSONAL NAME
Personal name Shimony, A.
9 (RLIN) 21133
942 ## - ADDED ENTRY ELEMENTS (KOHA)
Koha item type Books
Holdings
Withdrawn status Lost status Damaged status Not for loan Home library Current library Shelving location Date acquired Source of acquisition Cost, normal purchase price Total Checkouts Full call number Barcode Date last seen Date last checked out Cost, replacement price Price effective from Koha item type Purchase Price
        IIA Library-Bangalore IIA Library-Bangalore General Stacks 07/07/1997 FBB 595.00 1 524.834/ PEN 13036 28/06/2024 10/06/2024 595.00 07/07/1997 Books Rs. 595.00

Powered by Koha